[Event "18th EUR-ch (w)"]
[Site "Riga LAT"]
[Date "2017.04.13"]
[Round "3.62"]
[White "Narva, Mai"]
[Black "Maklakova, Nellija"]
[Result "0-1"]
[WhiteElo "2249"]
[BlackElo "1829"]
[EventDate "2017.04.11"]
[PlyCount "100"]

1.e4 c5 2.Nf3 e6 3.d4 cxd4 4.Nxd4 Nf6 5.Nc3 Bb4 6.Bd3 Bxc3+ 7.bxc3 h6 8.
O-O O-O 9.Be3 Nc6 10.f4 Qa5 11.c4 d6 12.Qf3 Nxd4 13.Bxd4 e5 14.Bf2 Ng4 15.
Be1 Qc5+ 16.Kh1 exf4 17.Qxf4 Qe5 18.Bb4 Qxf4 19.Rxf4 Rd8 20.Be2 Ne5 21.c5 
dxc5 22.Bxc5 Be6 23.c3 Rd2 24.Rf2 Rxa2 25.Rxa2 Bxa2 26.Ba6 Bc4 27.Bxc4 
Nxc4 28.Ra2 a6 29.Kg1 Re8 30.Ra4 Nd2 31.Rb4 Nxe4 32.Bd4 Re7 33.g3 f5 34.
Kg2 Kf7 35.Rb6 Nd2 36.Rb2 Nc4 37.Rf2 Kg6 38.Ra2 Re6 39.Kf3 b5 40.h3 a5 41.
Rg2 Kf7 42.g4 fxg4+ 43.hxg4 a4 44.Rg1 Nd2+ 45.Kg3 Nb3 46.Rf1+ Kg6 47.Bg1 
Rc6 48.Kh4 Rxc3 49.Rf2 Nd4 50.Bh2 Rc2 0-1

[Event "18th EUR-ch (w)"]
[Site "Riga LAT"]
[Date "2017.04.13"]
[Round "3.63"]
[White "Krumina, Linda"]
[Black "Nikolajeva, Marija"]
[Result "0-1"]
[WhiteElo "2090"]
[BlackElo "1673"]
[EventDate "2017.04.11"]
[PlyCount "68"]

1.d4 d5 2.c4 e6 3.Nf3 Nf6 4.Nc3 Be7 5.Bf4 O-O 6.e3 Nbd7 7.c5 c6 8.Bd3 b5 
9.a4 b4 10.Na2 a5 11.Qe2 Re8 12.Nc1 h6 13.Nb3 Nb8 14.Ne5 Nfd7 15.Qg4 Nxe5 
16.Bxe5 Bf6 17.f4 Ba6 18.Bc2 Bxe5 19.fxe5 Bc4 20.Nd2 Ba6 21.h4 f5 22.exf6 
Qxf6 23.Rh3 e5 24.Rf3 Qe7 25.O-O-O Be2 26.Qg6 e4 27.Nxe4 dxe4 28.Bb3+ Kh8 
29.Rf7 Qf8 30.Rxf8+ Rxf8 31.Re1 Bd3 32.Bc2 Ra7 33.Bxd3 exd3 34.Qxd3 Nd7 
0-1

[Event "18th EUR-ch (w)"]
[Site "Riga LAT"]
[Date "2017.04.13"]
[Round "3.64"]
[White "Vainovska, Valentina"]
[Black "Arda, Cagil Irmak"]
[Result "0-1"]
[WhiteElo "1792"]
[BlackElo "2089"]
[EventDate "2017.04.11"]
[PlyCount "112"]

1.d4 Nf6 2.c4 e6 3.Nf3 b6 4.Nc3 Bb4 5.Bd2 Bb7 6.e3 O-O 7.Bd3 Bxc3 8.Bxc3 
Ne4 9.Rc1 d6 10.O-O Nd7 11.Qe2 f5 12.Nd2 Nxc3 13.Rxc3 Qh4 14.f3 Rf6 15.Qf2
Qh5 16.Re1 Rh6 17.Nf1 Rf8 18.b4 c5 19.a3 g5 20.Be2 Qg6 21.Rd1 Qg7 22.Rcd3 
cxb4 23.axb4 Rg6 24.Ra3 a6 25.Qe1 Nf6 26.Qd2 g4 27.f4 Ne4 28.Qe1 g3 29.
hxg3 Nxg3 30.d5 Nxe2+ 31.Qxe2 exd5 32.cxd5 Rc8 33.Qd2 Kh8 34.Ra2 Qc3 35.
Qxc3+ Rxc3 36.Kf2 Rg8 37.Ng3 Rf8 38.Ne2 Rc4 39.Rb2 Kg7 40.Ng3 Kg6 41.Nf1 
Rfc8 42.Rdd2 h5 43.g3 Re4 44.Rd3 Rec4 45.Rdd2 Kf6 46.Nh2 Re4 47.Nf3 Rc3 
48.b5 Rexe3 49.Nd4 a5 50.Nc6 Rf3+ 51.Ke1 Rce3+ 52.Re2 Rxg3 53.Rd2 h4 54.
Kd1 h3 55.Rh2 Rd3 56.Kc2 Rxd2+ 0-1

[Event "18th EUR-ch (w)"]
[Site "Riga LAT"]
[Date "2017.04.13"]
[Round "3.65"]
[White "Azimova, Karina"]
[Black "Norlamo, Sarabella"]
[Result "1-0"]
[WhiteElo "2072"]
[BlackElo "1619"]
[EventDate "2017.04.11"]
[PlyCount "45"]

1.e4 e5 2.Nf3 Nc6 3.Nc3 g6 4.d4 exd4 5.Nxd4 Bg7 6.Be3 Nge7 7.Be2 d6 8.O-O 
O-O 9.Qd2 Re8 10.Rad1 Ne5 11.h3 N7c6 12.f4 Nd7 13.Bf3 Nxd4 14.Bxd4 Nf6 15.
Qf2 a6 16.e5 dxe5 17.fxe5 Nd7 18.Bd5 Rf8 19.Bxf7+ Kh8 20.e6 Qe7 21.exd7 
Bxd7 22.Bxg7+ Kxg7 23.Qd4+ 1-0

[Event "18th EUR-ch (w)"]
[Site "Riga LAT"]
[Date "2017.04.13"]
[Round "3.66"]
[White "Ristoja, Aulikki"]
[Black "Beydullayeva, Govhar"]
[Result "0-1"]
[WhiteElo "1716"]
[BlackElo "2054"]
[EventDate "2017.04.11"]
[PlyCount "92"]

1.d4 d5 2.c4 c6 3.cxd5 cxd5 4.Nc3 Nf6 5.Bf4 Nc6 6.e3 a6 7.a3 Bg4 8.f3 Bh5 
9.Bd3 e6 10.Rc1 Bd6 11.Bxd6 Qxd6 12.Nge2 O-O 13.Nf4 Bg6 14.Nxg6 fxg6 15.
O-O e5 16.dxe5 Qxe5 17.Re1 Kh8 18.Bf1 Rac8 19.Qd2 Rfd8 20.b4 b5 21.g3 Qf5 
22.Bg2 Ne5 23.g4 Nxf3+ 24.Bxf3 Qxf3 25.Qg2 Qxg4 26.Qxg4 Nxg4 27.Kg2 h5 28.
Kg3 g5 29.h4 Ne5 30.Red1 g4 31.Kf4 Nf3 32.Rd3 Rc4+ 33.Kg3 Rdc8 34.Ne2 Rxc1
35.Nxc1 Rxc1 36.Rxd5 g6 37.Rd6 Rg1+ 38.Kf4 Kg7 39.Rxa6 Nxh4 40.Kg5 Nf3+ 
41.Kf4 h4 42.a4 bxa4 43.b5 h3 44.b6 h2 45.b7 h1=Q 46.b8=Q Qh2+ 0-1

[Event "18th EUR-ch (w)"]
[Site "Riga LAT"]
[Date "2017.04.13"]
[Round "3.67"]
[White "Golsta, Madara"]
[Black "Grapsa, Georgia"]
[Result "1/2-1/2"]
[WhiteElo "1619"]
[BlackElo "2049"]
[EventDate "2017.04.11"]
[PlyCount "81"]

1.e4 c5 2.Nf3 d6 3.d4 cxd4 4.Nxd4 Nf6 5.Nc3 a6 6.Bg5 e6 7.f4 h6 8.Bh4 Qb6 
9.a3 Nc6 10.Bf2 Qc7 11.Nb3 b5 12.Qf3 Be7 13.O-O-O g5 14.Kb1 gxf4 15.Qxf4 
Ne5 16.Bd4 Bd7 17.Be2 h5 18.Rhf1 O-O-O 19.Qf2 Kb7 20.Rfe1 Rhg8 21.g3 Rg6 
22.Nd2 Nc6 23.Bxf6 Bxf6 24.Na2 Nd4 25.c3 Nxe2 26.Qxe2 h4 27.gxh4 Bxh4 28.
Rf1 Bc6 29.Nb4 Bf6 30.Nb3 Rdg8 31.Qf3 Kb6 32.Qe3+ Kb7 33.Qf3 Be5 34.Nxc6 
Kxc6 35.Nd4+ Kb6 36.Qxf7 Qxf7 37.Rxf7 Bxh2 38.Re7 Rg1 39.Rxg1 Rxg1+ 40.Kc2
Rg2+ 41.Kb1 1/2-1/2

[Event "18th EUR-ch (w)"]
[Site "Riga LAT"]
[Date "2017.04.13"]
[Round "3.68"]
[White "Golsta, Ramona"]
[Black "Sibajeva, Marija"]
[Result "1/2-1/2"]
[WhiteElo "1560"]
[BlackElo "2011"]
[EventDate "2017.04.11"]
[PlyCount "144"]

1.d4 d5 2.Nf3 Nf6 3.Bg5 Ne4 4.Bf4 c5 5.c3 Nc6 6.Nbd2 Nxd2 7.Nxd2 cxd4 8.
cxd4 Nxd4 9.Qa4+ Nc6 10.Rc1 e6 11.e3 Bd7 12.Bb5 a6 13.Bxc6 Bxc6 14.Qd4 f6 
15.Bg3 e5 16.Qg4 Qd7 17.Qh5+ Qf7 18.Qf3 Bb4 19.Qd1 O-O 20.O-O Bb5 21.Re1 
Rac8 22.a3 Rxc1 23.Qxc1 Bxd2 24.Qxd2 Rc8 25.h3 Qe6 26.Rc1 Rxc1+ 27.Qxc1 
Qc6 28.Qxc6 bxc6 29.f3 c5 30.Be1 d4 31.Kf2 Kf7 32.Ba5 Ke6 33.e4 Bd3 34.Bb6
Kd6 35.Bd8 c4 36.Ba5 Kc6 37.Bb4 g6 38.Be7 f5 39.Bf6 Kd6 40.exf5 gxf5 41.f4
exf4 42.Bxd4 Kd5 43.Bc3 Ke4 44.Bf6 Bc2 45.Ke2 Ba4 46.Bc3 Bc6 47.Kf2 Be8 
48.Bf6 Bh5 49.Bc3 Bd1 50.Bf6 h5 51.Bg7 a5 52.Bc3 a4 53.Bf6 f3 54.gxf3+ 
Bxf3 55.Bc3 Bd1 56.Bg7 f4 57.Bf6 Kf5 58.Be7 Ke6 59.Bd8 Kf5 60.Be7 Ke4 61.
Bf6 Kd3 62.Bg7 h4 63.Bc3 Bh5 64.Bf6 Kc2 65.Be5 Kb3 66.Bc3 Bd1 67.Bf6 Kc2 
68.Bc3 Kd3 69.Bf6 Bh5 70.Bxh4 c3 71.bxc3 Kxc3 72.Be7 Kd3 1/2-1/2

[Event "18th EUR-ch (w)"]
[Site "Riga LAT"]
[Date "2017.04.13"]
[Round "3.69"]
[White "Narva, Regina"]
[Black "Atte, Rebeka"]
[Result "1-0"]
[WhiteElo "2000"]
[BlackElo "1498"]
[EventDate "2017.04.11"]
[PlyCount "61"]

1.e4 c5 2.Nf3 g6 3.c3 Bg7 4.d4 cxd4 5.cxd4 Nc6 6.Nc3 d6 7.h3 Nf6 8.Be3 O-O
9.Be2 b6 10.O-O Bb7 11.d5 Nb8 12.Nd4 Nbd7 13.f4 a6 14.Bf3 b5 15.a3 Nc5 16.
Rc1 Rc8 17.Rf2 e6 18.b4 e5 19.fxe5 dxe5 20.bxc5 exd4 21.Bxd4 Bh6 22.Rcc2 
Re8 23.c6 Ba8 24.e5 Nh5 25.Bxh5 gxh5 26.Qxh5 Qg5 27.Qxf7+ Kh8 28.e6+ Bg7 
29.Ne4 Qg6 30.Bxg7+ Qxg7 31.Qxg7+ 1-0

[Event "18th EUR-ch (w)"]
[Site "Riga LAT"]
[Date "2017.04.13"]
[Round "3.70"]
[White "Ni Mhuireagain, Eibhia"]
[Black "Heinatz, Maria"]
[Result "0-1"]
[WhiteElo "1496"]
[BlackElo "1990"]
[EventDate "2017.04.11"]
[PlyCount "58"]

1.e4 c5 2.c3 d5 3.exd5 Qxd5 4.d4 cxd4 5.cxd4 Nc6 6.Be3 Nf6 7.Nc3 Qa5 8.Nf3
Bg4 9.Bc4 e6 10.O-O Be7 11.h3 Bxf3 12.Qxf3 O-O 13.a3 Rfd8 14.Rfd1 Rd7 15.
Bb5 Rc8 16.b4 Qd8 17.Bxc6 Rxc6 18.Na4 Nd5 19.Bc1 b6 20.Bb2 Rdc7 21.Rac1 
Qc8 22.Rxc6 Rxc6 23.Qd3 Bf6 24.Rd2 g6 25.g3 h5 26.h4 Kg7 27.Kg2 Bxh4 28.
Qe4 Bg5 29.Re2 Qa6 0-1

[Event "18th EUR-ch (w)"]
[Site "Riga LAT"]
[Date "2017.04.13"]
[Round "3.71"]
[White "Limanovska, Elizabete"]
[Black "Ivanova, Katrina Telma"]
[Result "1-0"]
[WhiteElo "1990"]
[BlackElo "1340"]
[EventDate "2017.04.11"]
[PlyCount "69"]

1.e4 e5 2.Nf3 Nf6 3.Nxe5 d6 4.Nf3 Nxe4 5.d4 d5 6.Bd3 Be7 7.O-O Nc6 8.Re1 
Nf6 9.c3 O-O 10.h3 Re8 11.Bg5 h6 12.Bf4 a6 13.Nbd2 Na7 14.Ne5 c5 15.dxc5 
Bxc5 16.Ndf3 Qb6 17.Qc2 Be6 18.Be3 Rac8 19.Bxc5 Rxc5 20.Nd4 Rcc8 21.Nxe6 
fxe6 22.Bg6 Rf8 23.Qe2 Nc6 24.Bf7+ Rxf7 25.Nxf7 Kxf7 26.Qxe6+ Kg6 27.Qxc8 
Qxb2 28.Rab1 Qxc3 29.Qxb7 a5 30.Rec1 Qd2 31.Qxc6 Kh7 32.Qc2+ Qxc2 33.Rxc2 
Kg6 34.Rb5 a4 35.Rd2 1-0

[Event "18th EUR-ch (w)"]
[Site "Riga LAT"]
[Date "2017.04.13"]
[Round "3.72"]
[White "Mieze, Natalja"]
[Black "Parhomenko, Margarita"]
[Result "0-1"]
[WhiteElo "1223"]
[BlackElo "1987"]
[EventDate "2017.04.11"]
[PlyCount "52"]

1.c4 g6 2.Nc3 Bg7 3.d4 c5 4.e3 Nf6 5.Bd2 O-O 6.dxc5 Na6 7.Nf3 Nxc5 8.b4 
Nce4 9.Bd3 d5 10.O-O Nxd2 11.Qxd2 Bg4 12.Qe2 Ne4 13.Bxe4 dxe4 14.Rad1 exf3
15.Qc2 Qc8 16.Nd5 Re8 17.Nf4 fxg2 18.f3 gxf1=Q+ 19.Rxf1 Be6 20.h4 Qxc4 21.
Qg2 Bh6 22.h5 Bxf4 23.exf4 Qxf4 24.hxg6 hxg6 25.Re1 Qd4+ 26.Kh1 Qh4+ 0-1

[Event "18th EUR-ch (w)"]
[Site "Riga LAT"]
[Date "2017.04.14"]
[Round "4.1"]
[White "Dzagnidze, Nana"]
[Black "Muzychuk, Anna"]
[Result "1/2-1/2"]
[WhiteElo "2528"]
[BlackElo "2587"]
[EventDate "2017.04.11"]
[PlyCount "34"]

1.c4 c5 2.Nc3 Nc6 3.g3 g6 4.Bg2 Bg7 5.Nf3 e6 6.d4 Nxd4 7.Bf4 d5 8.cxd5 Ne7
9.O-O Nxd5 10.Nxd5 exd5 11.Nxd4 Bxd4 12.Qb3 O-O 13.Bxd5 Qb6 14.Qf3 Bxb2 
15.Rab1 Qf6 16.Bxb7 Bxb7 17.Qxb7 Bd4 1/2-1/2

[Event "18th EUR-ch (w)"]
[Site "Riga LAT"]
[Date "2017.04.14"]
[Round "4.3"]
[White "Hoolt, Sarah"]
[Black "Lagno, Kateryna"]
[Result "1/2-1/2"]
[WhiteElo "2398"]
[BlackElo "2543"]
[EventDate "2017.04.11"]
[PlyCount "89"]

1.e4 e5 2.Nf3 Nc6 3.Bb5 a6 4.Ba4 Nf6 5.O-O b5 6.Bb3 Bc5 7.a4 Rb8 8.c3 d6 
9.d4 Bb6 10.a5 Ba7 11.h3 O-O 12.Be3 Ra8 13.Nbd2 h6 14.Re1 Re8 15.Bc2 Bb7 
16.d5 Ne7 17.Nh4 c6 18.dxc6 Bxc6 19.c4 Qc7 20.b3 Bd7 21.Bd3 b4 22.Nf1 Nc6 
23.Bxa7 Rxa7 24.Ne3 Nxa5 25.Nd5 Nxd5 26.cxd5 Qb6 27.Re3 Qd8 28.Nf5 Bxf5 
29.exf5 Nb7 30.Rxa6 Rxa6 31.Bxa6 Nc5 32.Bb5 Rf8 33.Rg3 Ne4 34.Rg4 Nf6 35.
Rc4 Qe7 36.Bc6 Rb8 37.Qd2 e4 38.Qd4 Qc7 39.Rxb4 Rxb4 40.Qxb4 Nxd5 41.Bxd5 
Qc1+ 42.Kh2 Qf4+ 43.Kg1 Qc1+ 44.Kh2 Qf4+ 45.Kg1 1/2-1/2

[Event "18th EUR-ch (w)"]
[Site "Riga LAT"]
[Date "2017.04.14"]
[Round "4.4"]
[White "Zimina, Olga"]
[Black "Pogonina, Natalia"]
[Result "1-0"]
[WhiteElo "2395"]
[BlackElo "2478"]
[EventDate "2017.04.11"]
[PlyCount "89"]

1.e4 e5 2.Nf3 Nc6 3.d4 exd4 4.Nxd4 Bc5 5.Nxc6 bxc6 6.Bd3 Ne7 7.O-O O-O 8.
Nc3 Ng6 9.Na4 Be7 10.f4 d5 11.Be3 d4 12.Bd2 c5 13.Qh5 Qd6 14.b3 Ba6 15.
Qxc5 Qxc5 16.Nxc5 Bxd3 17.Nxd3 f5 18.Rae1 h5 19.exf5 Rxf5 20.Re4 Rd8 21.
Rfe1 Kf7 22.Ne5+ Nxe5 23.Rxe5 Rxe5 24.Rxe5 d3 25.c4 g6 26.Kf1 c6 27.f5 Rd7
28.fxg6+ Kxg6 29.Re6+ Kf5 30.Rxc6 Bd6 31.g3 h4 32.c5 Be5 33.gxh4 Ke4 34.
Rg6 Rf7+ 35.Ke1 Bd4 36.c6 Bf2+ 37.Kd1 Bb6 38.h5 Rf2 39.Rg4+ Kd5 40.c7 Rf1+
41.Be1 Bxc7 42.h6 Bxh2 43.h7 Be5 44.Rg5 Rh1 45.Rxe5+ 1-0

[Event "18th EUR-ch (w)"]
[Site "Riga LAT"]
[Date "2017.04.14"]
[Round "4.5"]
[White "Girya, Olga"]
[Black "Ovod, Evgenia"]
[Result "1/2-1/2"]
[WhiteElo "2470"]
[BlackElo "2382"]
[EventDate "2017.04.11"]
[PlyCount "129"]

1.d4 d5 2.c4 e6 3.Nf3 Be7 4.Nc3 Nf6 5.g3 O-O 6.Bg2 dxc4 7.Ne5 Nc6 8.Bxc6 
bxc6 9.Nxc6 Qd6 10.Qa4 Bb7 11.Nxe7+ Qxe7 12.O-O c5 13.Qa3 Rac8 14.Bg5 Qd7 
15.Bxf6 cxd4 16.Bxd4 Qxd4 17.Rfd1 Qb6 18.Rd6 Rc6 19.Rad1 Rxd6 20.Rxd6 Bc6 
21.Rd2 h6 22.Qd6 Rc8 23.Qd4 Qb7 24.f3 Qa6 25.Kf2 Bb7 26.Qe3 Qa5 27.Rd7 Bc6
28.Rd4 Bb7 29.Rd6 Qb4 30.Rd2 Qa5 31.Kg2 Bc6 32.Qd4 Qc7 33.Kf2 Qb7 34.Qe3 
Qb8 35.Qd4 Qb7 36.Nd1 Qa6 37.a3 Ba4 38.Ne3 Bb3 39.Qc3 Qb6 40.Rd4 Kf8 41.
Kg2 a5 42.Rg4 f6 43.Rd4 Qb5 44.h4 Ke7 45.Qd2 a4 46.Kf2 Rb8 47.Rg4 Kf7 48.
Qd6 Rb7 49.Qd8 h5 50.Rd4 Qc5 51.Rd7+ Rxd7 52.Qxd7+ Kf8 53.Qd8+ Kf7 54.Qd7+
Kf8 55.Qd2 Kf7 56.Kg2 Ke8 57.Qc3 Kf7 58.Nf1 Qd5 59.Nd2 e5 60.Ne4 Qd4 61.
Qc1 Ke6 62.Nc3 Kf7 63.Ne4 Ke6 64.Nc3 Kf7 65.Ne4 1/2-1/2

[Event "18th EUR-ch (w)"]
[Site "Riga LAT"]
[Date "2017.04.14"]
[Round "4.6"]
[White "Pahtz, Elisabeth"]
[Black "Savina, Anastasia"]
[Result "1/2-1/2"]
[WhiteElo "2454"]
[BlackElo "2378"]
[EventDate "2017.04.11"]
[PlyCount "25"]

1.e4 Nc6 2.d4 d5 3.e5 Bf5 4.c3 e6 5.Nf3 f6 6.Bd3 Nge7 7.O-O fxe5 8.dxe5 
Qd7 9.b4 Bxd3 10.Qxd3 Ng6 11.Re1 Be7 12.b5 Na5 13.Nd4 1/2-1/2

[Event "18th EUR-ch (w)"]
[Site "Riga LAT"]
[Date "2017.04.14"]
[Round "4.8"]
[White "Charochkina, Daria"]
[Black "Zawadzka, Jolanta"]
[Result "1/2-1/2"]
[WhiteElo "2381"]
[BlackElo "2449"]
[EventDate "2017.04.11"]
[PlyCount "101"]

1.d4 d5 2.c4 e6 3.Nc3 a6 4.cxd5 exd5 5.Bf4 Nf6 6.e3 Bd6 7.Bg5 Be6 8.Bd3 
Nbd7 9.Nge2 h6 10.Bh4 Qe7 11.h3 Nb6 12.Qc2 g5 13.Bg3 Nh5 14.Bxd6 Qxd6 15.
O-O-O O-O-O 16.g4 Ng7 17.f4 Bd7 18.e4 dxe4 19.Nxe4 Qe7 20.f5 Ne8 21.N2c3 
Nf6 22.Rhe1 Nxe4 23.Nxe4 Ba4 24.b3 Bc6 25.Qc5 Qd7 26.Bc2 Bxe4 27.Rxe4 Nd5 
28.Rde1 Kb8 29.Re5 f6 30.Re6 Rh7 31.Kb1 Rf7 32.b4 Qb5 33.Qxb5 Nc3+ 34.Kb2 
Nxb5 35.Re8 Rd7 36.R1e6 Rxe8 37.Rxe8+ Ka7 38.Rh8 Rxd4 39.a3 Rd2 40.a4 Nd4 
41.Kc3 Rxc2+ 42.Kxd4 b5 43.axb5 axb5 44.Rxh6 Rc4+ 45.Kd5 Rxb4 46.Rxf6 Rf4 
47.Rc6 Kb7 48.Rc5 Kb6 49.Rc6+ Kb7 50.Rc5 Kb6 51.Rc6+ 1/2-1/2

[Event "18th EUR-ch (w)"]
[Site "Riga LAT"]
[Date "2017.04.14"]
[Round "4.9"]
[White "Arabidze, Meri"]
[Black "Khotenashvili, Bela"]
[Result "1/2-1/2"]
[WhiteElo "2373"]
[BlackElo "2445"]
[EventDate "2017.04.11"]
[PlyCount "196"]

1.Nf3 Nf6 2.d4 g6 3.g3 Bg7 4.Bg2 c5 5.d5 d6 6.O-O O-O 7.Nc3 Na6 8.Nd2 Rb8 
9.a4 Nc7 10.Nc4 b6 11.Nb5 Nxb5 12.axb5 Bd7 13.Na3 Ne8 14.h4 Nc7 15.Qd3 Ra8
16.h5 a6 17.bxa6 b5 18.h6 Bf6 19.c3 c4 20.Qf3 Rxa6 21.Bf4 e5 22.dxe6 Nxe6 
23.Nc2 Bc6 24.Qg4 Rxa1 25.Rxa1 Bxg2 26.Kxg2 Qc8 27.Qf3 Nxf4+ 28.Qxf4 Qc6+ 
29.Qf3 Qxf3+ 30.Kxf3 Bg5 31.e3 Bxh6 32.Ra6 Rb8 33.Rxd6 Bf8 34.Rc6 h5 35.
Nd4 Kg7 36.Rc7 Bd6 37.Rc6 Bf8 38.Ke4 Re8+ 39.Kf4 Rb8 40.Kf3 Be7 41.Ke4 Bf8
42.f4 Re8+ 43.Kf3 Rb8 44.e4 Be7 45.e5 Kf8 46.Rc7 Bd8 47.Rc5 b4 48.Rxc4 
bxc3 49.bxc3 Ke8 50.Rb4 Rc8 51.Nb5 Be7 52.Ra4 Rb8 53.c4 Bc5 54.Ra6 Rc8 55.
Ke4 Ke7 56.Nd4 Bxd4 57.Kxd4 Rd8+ 58.Ke4 Rd1 59.Ra3 Ke6 60.Rc3 Re1+ 61.Kd4 
Rd1+ 62.Rd3 Rf1 63.Ke4 Re1+ 64.Kf3 Rc1 65.Rd6+ Ke7 66.Rc6 Kd7 67.Rc5 Rc2 
68.Ke3 Rc3+ 69.Kf2 Rc2+ 70.Kf3 Rc3+ 71.Kg2 Rc1 72.Kh2 Ra1 73.Rd5+ Ke7 74.
Rb5 Rc1 75.Rb7+ Ke6 76.Rc7 Rc2+ 77.Kh3 Rc1 78.c5 Rh1+ 79.Kg2 Rc1 80.c6 Rc4
81.Rc8 Kf5 82.Kh3 Rc1 83.Rf8 Ke6 84.Re8+ Kf5 85.Re7 f6 86.exf6 Kxf6 87.Rc7
Kf5 88.Rc8 Rh1+ 89.Kg2 Rc1 90.Kh3 Rh1+ 91.Kg2 Rc1 92.c7 Kg4 93.Rg8 Rc2+ 
94.Kg1 Rxc7 95.Rxg6+ Kf3 96.f5 Ke4 97.Rg5 Rf7 98.Rxh5 Rxf5 1/2-1/2

[Event "18th EUR-ch (w)"]
[Site "Riga LAT"]
[Date "2017.04.14"]
[Round "4.10"]
[White "Galliamova, Alisa"]
[Black "Mamedyarova, Zeinab"]
[Result "0-1"]
[WhiteElo "2444"]
[BlackElo "2322"]
[EventDate "2017.04.11"]
[PlyCount "114"]

1.Nf3 d5 2.d4 Nf6 3.g3 e6 4.Bg2 Be7 5.O-O O-O 6.c4 dxc4 7.Qa4 a6 8.Qxc4 b5
9.Qc2 Bb7 10.Bd2 Be4 11.Qc1 Nbd7 12.Ba5 Ra7 13.Nc3 Ba8 14.a3 Qb8 15.b4 Ne8
16.e4 Nd6 17.Nd2 Nb7 18.Nb3 Nb6 19.Qf4 Nc4 20.Qxc7 Qe8 21.Qf4 Nbxa5 22.
Nxa5 Nxa5 23.bxa5 Qd8 24.d5 Qxa5 25.Ne2 exd5 26.exd5 Bf6 27.Ra2 Rd7 28.Rd1
Rfd8 29.Qb4 Qxb4 30.axb4 Bb7 31.Rad2 g6 32.Rd3 Be5 33.Nc1 Bd6 34.Rd4 Be5 
35.R4d3 Bd6 36.Rd4 Rc7 37.Nb3 Bc8 38.Na5 Rc2 39.Re1 Kg7 40.Red1 Re8 41.Bf3
h5 42.h4 f5 43.Nc6 Kh6 44.Kg2 Ra2 45.Rc1 Bd7 46.Rb1 Kh7 47.Rc1 Re3 48.Rcd1
Rb3 49.R4d2 Raa3 50.Be2 f4 51.gxf4 Bh3+ 52.Kg1 Bxf4 53.Rd4 Bd6 54.Re4 Rb2 
55.Re8 Raa2 56.Re1 Rd2 57.Rd8 Rxe2 0-1

[Event "18th EUR-ch (w)"]
[Site "Riga LAT"]
[Date "2017.04.14"]
[Round "4.11"]
[White "Zhukova, Natalia"]
[Black "Fatalieva, Ulviyya"]
[Result "1/2-1/2"]
[WhiteElo "2438"]
[BlackElo "2287"]
[EventDate "2017.04.11"]
[PlyCount "35"]

1.c4 e6 2.Nc3 Nf6 3.e4 d5 4.e5 d4 5.exf6 dxc3 6.bxc3 Qxf6 7.d4 c5 8.Nf3 
cxd4 9.cxd4 Bb4+ 10.Bd2 Bxd2+ 11.Qxd2 O-O 12.Bd3 Rd8 13.O-O Nc6 14.Rad1 g6
15.Be4 Nxd4 16.Nxd4 e5 17.Bd5 exd4 18.Rfe1 1/2-1/2

[Event "18th EUR-ch (w)"]
[Site "Riga LAT"]
[Date "2017.04.14"]
[Round "4.12"]
[White "Berzina, Ilze"]
[Black "Danielian, Elina"]
[Result "1/2-1/2"]
[WhiteElo "2297"]
[BlackElo "2437"]
[EventDate "2017.04.11"]
[PlyCount "84"]

1.e4 e6 2.d4 d5 3.e5 c5 4.c3 Nc6 5.Nf3 Bd7 6.Be2 f6 7.O-O fxe5 8.dxe5 Qc7 
9.Re1 Nh6 10.c4 d4 11.Na3 Nf7 12.Bf4 Be7 13.h4 a6 14.Nc2 O-O-O 15.Bd3 g5 
16.hxg5 Rdg8 17.b4 cxb4 18.Be4 Nxg5 19.Nxg5 Bxg5 20.Bxg5 Rxg5 21.Nxd4 Rhg8
22.Rb1 h5 23.Rb2 h4 24.Re3 Nxd4 25.Qxd4 Bc6 26.f4 Rg4 27.Rf2 Bxe4 28.Qxe4 
Qc5 29.Kh2 Rg3 30.Rfe2 Kb8 31.Rd3 Rxd3 32.Qxd3 h3 33.g3 Ka8 34.Rd2 Qc6 35.
Rc2 a5 36.Rd2 Rc8 37.Rc2 Ka7 38.Qd4+ Ka8 39.Qd3 Rg8 40.Rd2 Ka7 41.Qd4+ Ka8
42.Qd3 Ka7 1/2-1/2

[Event "18th EUR-ch (w)"]
[Site "Riga LAT"]
[Date "2017.04.14"]
[Round "4.15"]
[White "Batsiashvili, Nino"]
[Black "Malakhova, Elizaveta"]
[Result "1/2-1/2"]
[WhiteElo "2496"]
[BlackElo "2324"]
[EventDate "2017.04.11"]
[PlyCount "163"]

1.d4 e6 2.c4 f5 3.Nc3 Nf6 4.f3 Bb4 5.Bd2 O-O 6.a3 Be7 7.e3 c5 8.Bd3 Nc6 9.
Nge2 d5 10.cxd5 cxd4 11.dxc6 dxc3 12.Bxc3 bxc6 13.Qc2 Qb6 14.e4 fxe4 15.
Bxe4 Nxe4 16.Qxe4 e5 17.Bxe5 Bf6 18.Bxf6 Rxf6 19.Qd4 Qb5 20.a4 Qa6 21.Kf2 
Bf5 22.Rhe1 Rb8 23.Ng3 Qb6 24.Qxb6 Rxb6 25.Re2 Bg6 26.Rd1 Rf8 27.Rd7 a6 
28.Rc7 Rfb8 29.a5 Rxb2 30.Rxc6 Bd3 31.Rc8+ Rxc8 32.Rxb2 Rc3 33.Ne2 Ra3 34.
Nc1 Bc4 35.Rc2 Ra4 36.Ke3 Kf7 37.g3 Ke6 38.Rc3 g6 39.Nb3 Bxb3 40.Rxb3 Rxa5
41.Kf4 Ra4+ 42.Kg5 Ra5+ 43.Kg4 h5+ 44.Kh4 Rb5 45.Rc3 a5 46.Rc6+ Kf7 47.Ra6
Rf5 48.f4 Kg7 49.h3 Kf7 50.g4 hxg4 51.hxg4 Rb5 52.Ra7+ Kg8 53.Rc7 Kf8 54.
Rc3 Kf7 55.Ra3 Kf6 56.Ra4 Ke6 57.Rc4 Kf7 58.Rc3 Kg7 59.Kg3 Kf7 60.Kf3 Kg7 
61.Rc7+ Kf8 62.Ra7 Kg8 63.Ke4 Kf8 64.f5 gxf5+ 65.gxf5 Kg8 66.Kf4 Kf8 67.
Kg5 Rb6 68.Rxa5 Rc6 69.Ra7 Rb6 70.Rh7 Kg8 71.Re7 Kf8 72.Rd7 Ra6 73.Rd4 Kf7
74.Rh4 Rb6 75.Rh7+ Kg8 76.Re7 Kf8 77.Re6 Rxe6 78.fxe6 Ke7 79.Kf5 Ke8 80.
Kf6 Kf8 81.e7+ Ke8 82.Ke6 1/2-1/2

[Event "18th EUR-ch (w)"]
[Site "Riga LAT"]
[Date "2017.04.14"]
[Round "4.16"]
[White "Osmak, Yuliya"]
[Black "Socko, Monika"]
[Result "0-1"]
[WhiteElo "2348"]
[BlackElo "2462"]
[EventDate "2017.04.11"]
[PlyCount "100"]

1.e4 c5 2.Nf3 Nc6 3.Bb5 e6 4.O-O Nge7 5.c3 a6 6.Ba4 c4 7.d4 cxd3 8.Qxd3 b5
9.Bc2 Ng6 10.Be3 Be7 11.Nbd2 Qc7 12.Rfe1 Bb7 13.Rad1 Rc8 14.Bb1 d6 15.Nd4 
O-O 16.Qe2 Nxd4 17.cxd4 f5 18.exf5 exf5 19.f3 Bd5 20.Nf1 Rce8 21.Qd2 Qb7 
22.Bg5 Bxg5 23.Qxg5 Rxe1 24.Rxe1 Qf7 25.b3 h6 26.Qd2 Qf6 27.Ne3 Qg5 28.Qf2
Nf4 29.Qg3 Be6 30.Qxg5 hxg5 31.Kf2 g6 32.Rc1 Rc8 33.Rxc8+ Bxc8 34.b4 Ne6 
35.Nc2 Bb7 36.Ke3 Nf4 37.g3 Nd5+ 38.Kd3 Nb6 39.Ne1 g4 40.Bc2 gxf3 41.Bb3+ 
Nc4 42.Bxc4+ bxc4+ 43.Ke3 c3 44.Nd3 Be4 45.Nc1 Kf7 46.a4 Ke6 47.b5 axb5 
48.axb5 Kd5 49.h4 Kc4 50.b6 Bb7 0-1

[Event "18th EUR-ch (w)"]
[Site "Riga LAT"]
[Date "2017.04.14"]
[Round "4.18"]
[White "Gvetadze, Sopio"]
[Black "Javakhishvili, Lela"]
[Result "0-1"]
[WhiteElo "2292"]
[BlackElo "2456"]
[EventDate "2017.04.11"]
[PlyCount "110"]

1.e4 d6 2.d4 Nf6 3.Nc3 g6 4.Be3 c6 5.f3 b5 6.a4 b4 7.Na2 a5 8.Bd3 Bg7 9.c3
bxc3 10.bxc3 O-O 11.Ne2 Nbd7 12.O-O e5 13.Qc1 Re8 14.Bh6 Bh8 15.f4 Ba6 16.
Bxa6 Rxa6 17.fxe5 dxe5 18.Ng3 exd4 19.cxd4 Ng4 20.Bg5 Bxd4+ 21.Kh1 Qb6 22.
Qd1 Nde5 23.Rb1 Qa7 24.Rb7 Qxb7 25.Qxd4 Qb3 26.Nc1 Qc4 27.Qd2 f6 28.Bf4 
Nf7 29.h3 Nge5 30.Be3 c5 31.Nce2 Rd8 32.Qb2 Qxa4 33.Nc3 Qb4 34.Qa1 Rd3 35.
Nd5 Qa3 36.Qe1 c4 37.Qf2 a4 38.Bc5 Qb3 39.Ne7+ Kh8 40.Ne2 Rd1 41.Bd4 Rxf1+
42.Qxf1 Qd3 43.Qf2 a3 44.Nf4 Qxe4 45.Qh4 Qb1+ 46.Kh2 Qb8 47.Kh1 Kg7 48.Qg3
a2 49.Nf5+ Kg8 50.Ne7+ Kf8 51.Nexg6+ hxg6 52.Nxg6+ Ke8 53.Nf4 a1=Q+ 54.Kh2
Nf3+ 55.gxf3 Ra2+ 0-1

[Event "18th EUR-ch (w)"]
[Site "Riga LAT"]
[Date "2017.04.14"]
[Round "4.19"]
[White "Dolukhanova, Evgeniya"]
[Black "Kashlinskaya, Alina"]
[Result "1/2-1/2"]
[WhiteElo "2287"]
[BlackElo "2426"]
[EventDate "2017.04.11"]
[PlyCount "288"]

1.e4 e6 2.d4 d5 3.exd5 exd5 4.Nf3 Bd6 5.Bd3 Ne7 6.Nc3 Nbc6 7.a3 Bg4 8.Be3 
Qd7 9.h3 Bh5 10.Qe2 f5 11.O-O-O O-O-O 12.Nb5 Rhf8 13.Rde1 Rde8 14.Nxd6+ 
Qxd6 15.g4 Bg6 16.Qd1 f4 17.Bxg6 Nxg6 18.Bd2 Re4 19.Bc3 h6 20.Nd2 Rxe1 21.
Rxe1 f3 22.Nxf3 Nf4 23.Ng1 Ne6 24.Qd2 Ng5 25.Qe3 Ne4 26.f3 Nxc3 27.Qxc3 
Qf4+ 28.Qd2 Qxd4 29.Qxd4 Nxd4 30.Rd1 Rf4 31.Kd2 g5 32.Ne2 Nxf3+ 33.Ke3 Rf7
34.Rxd5 Ne1 35.Nd4 Ng2+ 36.Kd2 Rf2+ 37.Kc3 Nf4 38.Re5 Rh2 39.Nf5 Rxh3+ 40.
Kc4 Rh2 41.c3 Rxb2 42.Nxh6 Nh3 43.Re3 Rh2 44.Ng8 b6 45.Ne7+ Kd7 46.Nf5 Nf2
47.Re7+ Kd8 48.Rg7 Nxg4 49.Rxg5 Nf6 50.Rg6 Ne8 51.Nd4 Kd7 52.Kb3 Rh3 53.a4
Rh5 54.Nb5 a6 55.Nd4 c5 56.Ne2 Nd6 57.Nf4 Rf5 58.Rg4 Kc6 59.Rh4 Re5 60.Rh6
Re4 61.Rf6 Re3 62.Kc2 Re4 63.Kb3 Re1 64.Kc2 Ra1 65.Kb3 c4+ 66.Kb2 Rxa4 67.
Ng2 Ra5 68.Ne3 Rc5 69.Rh6 b5 70.Nc2 a5 71.Nd4+ Kd7 72.Rh7+ Kc8 73.Rh6 Rd5 
74.Nc6 Kc7 75.Nd4 b4 76.Rh4 Kb6 77.Rh6 a4 78.Rg6 Kb7 79.Rg7+ Kc8 80.Rg8+ 
Kd7 81.Rg7+ Ke8 82.Rg4 a3+ 83.Ka2 bxc3 84.Kxa3 Ke7 85.Ka2 Kf6 86.Kb1 Rh5 
87.Ne2 Rh1+ 88.Rg1 Rh3 89.Rg3 c2+ 90.Kxc2 Rh2 91.Kd1 Ne4 92.Rg8 c3 93.Rc8 
c2+ 94.Kxc2 Ng3 95.Rf8+ Ke7 96.Rf3 Rxe2+ 97.Kd3 Rg2 98.Ke3 Ke6 99.Rf2 Nf5+
100.Kf3 Rg3+ 101.Kf4 Ra3 102.Rb2 Ra4+ 103.Kg5 Ne3 104.Rb8 Rg4+ 105.Kh5 Rg3
106.Rb6+ Ke5 107.Rb5+ Nd5 108.Ra5 Rg1 109.Kh4 Kf4 110.Ra4+ Kf3 111.Kh5 
Nf4+ 112.Kh6 Rg6+ 113.Kh7 Rg4 114.Kh6 Kg3 115.Ra1 Kf3 116.Ra4 Ke3 117.Kh7 
Rg1 118.Kh6 Nd5 119.Kh5 Kf3 120.Kh6 Rg2 121.Kh7 Nf6+ 122.Kh6 Ne4 123.Rb4 
Kf4 124.Ra4 Kf5 125.Ra5+ Ke6 126.Kh5 Nf6+ 127.Kh4 Nd5 128.Kh3 Rg5 129.Kh4 
Kf6 130.Rb5 Re5 131.Kg3 Kf5 132.Ra5 Re3+ 133.Kf2 Rd3 134.Ke2 Rd4 135.Kf3 
Ke5 136.Ra8 Rd3+ 137.Ke2 Nf4+ 138.Kf2 Rb3 139.Re8+ Kd4 140.Rd8+ Nd5 141.
Kg2 Rb6 142.Kf3 Rg6 143.Kf2 Rg5 144.Kf3 Kd3 1/2-1/2